Elementos de ecología

Đã lưu trong:
Chi tiết về thư mục
Tác giả chính: Clarke, George L (Tác giả)
Định dạng: Sách
Ngôn ngữ:Tiếng Tây Ban Nha
Được phát hành: Barcelona Omega 1980
Phiên bản:7a. ed
Những chủ đề:
Các nhãn: Thêm thẻ
Không có thẻ, Là người đầu tiên thẻ bản ghi này!

MARC

LEADER 00000nam a2200000 a 4500
001 UCW4764
003 CL-VaPUC
008 900802e19800000SP |||||||||||||||||spa|d
082 0 4 |a 577  |b CLA  |2 21 
100 0 |a Clarke, George L  |e author  |9 309557 
245 1 0 |a Elementos de ecología 
250 |a 7a. ed 
300 |a 637 p 
942 |c BK 
945 |d 19900802 00:00:00 
260 |a Barcelona  |b Omega  |c 1980 
650 0 |a Ecología   |9 258124 
583 |a last modification  |c 19900802 00:00:00  |k Rodrigo Vera 
999 |c 218388  |d 218386 
952 |0 0  |1 0  |4 0  |6 577_000000000000000_CLA_1980  |7 0  |8 P  |9 207881  |a BIBEDU  |b BIBEDU  |c BIBEDU_PB  |d 2019-11-15  |i 2757192  |o 577 CLA 1980  |p 2757192  |r 2024-01-25  |w 2019-11-15  |y BK  |k EDU 
952 |0 0  |1 0  |4 0  |6 577_000000000000000_CLA_1980  |7 0  |8 A  |9 207882  |a BIBING  |b BIBING  |d 2019-11-15  |i 1658530  |o 577 CLA 1980  |p 1658530  |r 2025-01-20  |w 2019-11-15  |y BK  |k GEO